Ciento setenta años de legislación en materia de educación pública superior en Jalisco, 1823-1993 : fuentes documentales y análisis comparativo /

Obra en tres volúmenes que reúne las diversas disposiciones jurídicas generadas por las diversas legislaturas en materia de educación superior en Jalisco, las cuales reflejan las políticas educativas que han imperado en el país en diversas épocas de su historia, en especial del siglo XIX y XX. Este...

Descripción completa

Guardado en:
Detalles Bibliográficos
Autor principal: Mendoza Cornejo, Alfredo (autor)
Formato: Libro
Idioma:Español
Publicado: Guadalajara, México : Universidad de Guadalajara, 1995, c1995
Colección:(Aula Magna)
Temas:
Etiquetas: Agrega una etiqueta
Sin etiquetas, Sé el primero en etiquetar este registro!

MARC

LEADER 00000nam^a2200000^a^4500
001 000314010
005 20250620000000.0
009 20260310113201.044
020 |a 968-895-668-6 
020 |a 968-895-478-0 
037 |a Acervo ITESO - Biblioteca 
041 |a ESP 
082 |a 344. 72074  |b MEN V. 3 
100 |a Mendoza Cornejo, Alfredo  |e (autor) 
240 1 1 |a [Ciento setenta años de legislación en materia de educación pública superior en Jalisco, 1823-1993] 
245 1 0 |a Ciento setenta años de legislación en materia de educación pública superior en Jalisco, 1823-1993 :  |b fuentes documentales y análisis comparativo /  |c A. Mendoza Cornejo. 
264 4 |a Guadalajara, México :  |b Universidad de Guadalajara,  |c 1995, c1995 
300 |a 282 p. 
336 |a texto  |b txt  |2 rdacontenido 
337 |a sin mediación  |b n  |2 rdamedio 
338 |a volumen  |b nc  |2 rdasoporte 
440 1 |a (Aula Magna) 
520 |a Obra en tres volúmenes que reúne las diversas disposiciones jurídicas generadas por las diversas legislaturas en materia de educación superior en Jalisco, las cuales reflejan las políticas educativas que han imperado en el país en diversas épocas de su historia, en especial del siglo XIX y XX. Este volumen 3, compendia y analiza los diversos cuerpos normativos que han regulado o influido en la vida jurídica de la educación superior de Jalisco. 
649 |a XX 
650 |a Educación Superior -  |z Jalisco -  |x Aspectos Jurídicos -  |x Tema Principal 
650 |a Educación Superior -  |z México -  |x Aspectos Jurídicos 
650 |a Educación Pública -  |z Jalisco -  |x Aspectos Jurídicos 
650 |a Educación Pública -  |z México -  |x Aspectos Jurídicos 
650 |a Derecho Social -  |z Jalisco 
650 |a Derecho Social -  |z México 
650 |a Derecho Público -  |z Jalisco 
650 |a Derecho Público -  |z México 
910 |a Fondo General 
920 |a Impresos - Libros 
930 |a Colección General 
905 |a 101 
901 |a 0500198737  |b IT1  |c ACC  |d DT  |i D55958  |u 20250620 
902 |a https://opac.biblio.iteso.mx/vufind/Record/000314010